| 000 | 00471nam a2200181Ia 4500 | ||
|---|---|---|---|
| 001 | 25155 | ||
| 005 | 20260414151131.0 | ||
| 008 | 260414t2016||||xx |||||||||||||| ||spa|| | ||
| 041 | _aESP | ||
| 082 |
_a346.24 _bV71 |
||
| 100 |
_aVinces Arbulú, Martín _eAUT |
||
| 245 | 0 |
_aEl sistema matrimonial peruano : _bevolución y perspectivas de futuro |
|
| 260 | _c2016 | ||
| 300 |
_a245 páginas : _c20 cm. |
||
| 650 | _aDER | ||
| 654 | _aCDE | ||
| 942 |
_cLIB _dJUS _fJUS _2ddc _n |
||
| 999 |
_c25155 _d25155 |
||